| 000 | 00555cam a22001937a 4500 | ||
|---|---|---|---|
| 001 | 14590918 | ||
| 005 | 20170208101641.0 | ||
| 008 | 061011s2006 nyu b 001 0 eng d | ||
| 020 | _a0007254687 (pbk.) | ||
| 020 | _a97800077254682 | ||
| 040 | _cPK-LaUMT | ||
| 082 | 0 | 4 |
_a616.994 _222 _bBUC-C |
| 100 | 1 | _aBuckman, Rob | |
| 245 | 1 | 0 |
_aCancer is a word not a sentence : _ba practical guide to help you through the first few weeks / _cRobert Buckman |
| 260 |
_aLondon : _bCollins, _c2007 |
||
| 300 |
_a248 p. ; _c21 cm. |
||
| 650 | 0 | _aCancer | |
| 942 | _cBK | ||
| 999 |
_c90890 _d90890 |
||